| 000 | 00609nam a2200205 a 4500 | ||
|---|---|---|---|
| 001 | ASIN8130915308 | ||
| 005 | 20170105102850.0 | ||
| 008 | 130820s xxu eng d | ||
| 020 | _a8130915308 (hardcover) | ||
| 020 | _a9788130915302 (hardcover) | ||
| 040 | _a0 | ||
| 082 | _a327.174 | ||
| 100 | 1 | _aLarsen, J.A. | |
| 245 | 1 | 0 |
_aArms control and cooperative security / _cJ.A. Larsen, J J Wirtz. |
| 260 |
_a[S.l.] : _bViva Books, |
||
| 300 | _a1 v. (unpaged) | ||
| 700 | 1 | _aWirtz, J J. | |
| 856 | 4 | 0 |
_3Amazon.com _uhttp://www.amazon.com/exec/obidos/ASIN/8130915308/chopaconline-20 |
| 942 |
_2ddc _cBK |
||
| 999 |
_c14225 _d14225 |
||